| 000 | 01562nam0a22004091 4500 | ||
|---|---|---|---|
| 001 | RU\NLR\bibl\134923 | ||
| 005 | 20250618042838.0 | ||
| 010 |
_a5-89282-154-4 _9300 |
||
| 021 |
_aRU _b2000-35774 _91655 |
||
| 035 | _a(NLR Aleph) 000132167 | ||
| 090 |
_a755122 _c755122 |
||
| 100 | _a20010205d2000 |||y0rusy50 ca | ||
| 101 | 0 |
_arus _deng |
|
| 102 | _aRU | ||
| 105 | _ay ||||||||| | ||
| 200 | 1 |
_aИстория образования в Японии _dHistory of the Japanese edicational system _eКонец XIX - первая половина XX в. _fС.Ч. Лим _zeng |
|
| 210 |
_aМ. _cИВ РАН _d2000 |
||
| 215 |
_a364,[3] с. _d22 |
||
| 300 | _aРез. на англ. яз. | ||
| 320 | _aБиблиогр. в прим. в конце глав | ||
| 510 | 0 |
_aHistory of the Japanese edicational system _zeng |
|
| 606 | 1 |
_aОбразование _xИстория _yЯпония _92564358 _3RU\NLR\AUTH\6601728782 |
|
| 606 |
_aНародное образование _xИстория _yЯпония _9920311 _3RU\NLR\auth\6618308 |
||
| 610 | 0 | _aНародное образование - История | |
| 610 | 0 | _aЯпония, образование | |
| 675 |
_a37(520)(091) _v3 _zrus |
||
| 686 | 1 | _aЧ33(5Я) | |
| 700 | 1 |
_aЛим _bС. Ч. _gСофья Чунуновна _4070 |
|
| 801 | 0 |
_aRU _bRKP _c20010205 _gPSBO |
|
| 801 | 1 |
_aRU _bRKP _c20010205 |
|
| 801 | 2 |
_aRU _bNLR _c20010302 _grcr |
|
| 852 |
_aNLR _bОЛСАА-сл-спр _j3-3716 |
||
| 942 | _cBOOK | ||
| 980 | _aNB | ||
| 980 | 1 | _aSL_SPR | |